Compiling data for food composition data bases
This book offers methods for analysing foods, the organization and content of food composition tables and data bases, and procedures for the accurate international interchange of data-focuses specifically on the issues involved gathering, and estimating where necessary, the data for such tables and...
Zapisane w:
| Format: | Książka |
|---|---|
| Język: | Undetermined |
| Wydane: |
Tokyo
United Nations Univ. Press
1991
|
| Hasła przedmiotowe: | |
| Etykiety: |
Dodaj etykietę
Nie ma etykietki, Dołącz pierwszą etykiete!
|
| Thư viện lưu trữ: | Trung tâm Học liệu Trường Đại học Cần Thơ |
|---|
| LEADER | 00840nam a2200193Ia 4500 | ||
|---|---|---|---|
| 001 | CTU_15717 | ||
| 008 | 210402s9999 xx 000 0 und d | ||
| 082 | |a 613.2 | ||
| 082 | |b C736 | ||
| 245 | 0 | |a Compiling data for food composition data bases | |
| 245 | 0 | |c William M Rand, Jean A T. Pennington | |
| 260 | |a Tokyo | ||
| 260 | |b United Nations Univ. Press | ||
| 260 | |c 1991 | ||
| 520 | |a This book offers methods for analysing foods, the organization and content of food composition tables and data bases, and procedures for the accurate international interchange of data-focuses specifically on the issues involved gathering, and estimating where necessary, the data for such tables and data bases | ||
| 650 | |a Food,Food | ||
| 650 | |x Analysis,Composition | ||
| 904 | |i Minh | ||
| 980 | |a Trung tâm Học liệu Trường Đại học Cần Thơ | ||